Personnel and human resource management: Text and cases (Record no. 111082)

MARC details
000 -LEADER
fixed length control field 00420nam a2200157Ia 4500
008 - FIXED-LENGTH DATA ELEMENTS--GENERAL INFORMATION
fixed length control field 230917s9999||||xx |||||||||||||| ||und||
040 ## - CATALOGING SOURCE
-- 103640
Original cataloging agency VIVEKANANDA LIBRARY
041 ## - Language
-- English
082 ## - DDC NUMBER
Classification number 658.3 R18P
100 ## - MAIN ENTRY--PERSONAL NAME
Personal name Rao, P Subba
245 #0 - TITLE STATEMENT
Title Personnel and human resource management: Text and cases
250 ## - EDITION STATEMENT
Edition statement 2nd rev ed.
260 ## - PUBLICATION, DISTRIBUTION, ETC. (IMPRINT)
Place of publication, distribution, etc New Delhi
Name of publisher, distributor, etc Himalaya Publishing House
Date of publication, distribution, etc 2002
300 ## - PHYSICAL DESCRIPTION
Pages 447 p.
942 ## - ADDED ENTRY ELEMENTS (KOHA)
Koha item type Books
Holdings
Withdrawn status Lost status Source of classification or shelving scheme Damaged status Not for loan Location (home branch) Sublocation or collection (holding branch) Date acquired Koha issues (times borrowed) Koha full call number Accession No. Koha date last seen Koha item type
Withdrawn   Dewey Decimal Classification Damaged   VIVEKANANDA LIBRARY VIVEKANANDA LIBRARY 21/09/2004   658.3 R18P 198836 17/09/2023 Books
© Designed and Maintained by Vivekananda Library, MDU Rohtak